000 00516nam a2200193Ia 4500
005 20250508152043.0
008 008 250505s9999 xx 000 0 eng d
037 _aBooks to be hide in OPAC
040 _aFEDL
_beng
_cFEDL
041 _aeng
_2eng
084 _a370.5, IND/O
_qFEDL
245 0 _aLetter from manila
245 0 _cMinistry of education . Government of India
260 _c1956
300 _a10p.
650 _aEducation
942 _cHB
_h370.5, IND/O
999 _c1333947
_d1333947